Migraciones : Conferencia Internacional Sobre Migraciones y Derechos Humanos : estándares y prácticas.

Bibliographic Details
Corporate Author: Conferencia Internacional sobre Migraciones y Derechos Humanos: estándares y prácticas Santiago de Chile
Format: Electronic Conference Proceeding eBook
Language:Spanish
Published: Santiago, Chile : Editorial Aún Creemos en los Sueños, [2013]
Subjects:
Online Access:Digitalia Hispánica

MARC

LEADER 00000nam a2200000Ii 4500
001 DIGLMOND0021
003 NyNyDIG
006 m o d
007 cr |||||||||||
008 230829s2013 cl o 100 0 spa d
035 |a (OCoLC)1395571185 
040 |a DGITA  |b eng  |e rda  |e pn  |c DGITA 
020 |z 9789563400427 
050 1 4 |a JV6001 ebook 
111 2 |a Conferencia Internacional sobre Migraciones y Derechos Humanos: estándares y prácticas  |d (2013 :  |c Santiago de Chile),  |j author. 
245 1 0 |a Migraciones :  |b Conferencia Internacional Sobre Migraciones y Derechos Humanos : estándares y prácticas. 
264 1 |a Santiago, Chile :  |b Editorial Aún Creemos en los Sueños,  |c [2013] 
300 |a 1 online resource. 
336 |a text  |b txt  |2 rdacontent 
337 |a computer  |b c  |2 rdamedia 
338 |a online resource  |b cr  |2 rdacarrier 
347 |a text file  |2 rdaft 
347 |b PDF 
500 |a "Una publicación de Le Monde diplomatique."--Cover. 
500 |a "Centro de Derechos Humanos ; Comisión Interamericana de Derechos Humanos." 
500 |a "La conferencia Migraciones y derechos humanos: estándares y prácticas internacionales, organizada los días 9 y 10 de abril de 2013 en la Universidad Diego Portales (Santiago de Chile) tenía el propósito de identificar los retos de las nuevas movilidades en el Cono Sur para los países de inmigración."--Page 5. 
588 0 |a Online resource; title from PDF title page (Digitalia, viewed August 29, 2023) 
650 0 |a Emigration and immigration  |v Congresses. 
650 0 |a Human rights  |v Congresses. 
791 2 |a Digitalia (Firm),  |e distributor. 
793 0 |g Digitalia eBook Collection:  |a Le Monde Diplomatique 
776 0 8 |i Print version:  |t Migraciones.  |d Santiago, Chile : Editorial Aún Creemos en los Sueños, [2013]  |z 9789563400427 
856 4 0 |3 Digitalia Hispánica  |u https://www.digitaliapublishing.com/a/128933/ 
910 |a Premium collection: 2023